000 00662nam a22002057a 4500
005 20250120120445.0
008 250120b mx ||||| |||| 00| 0 spa|d
020 _a9682305284
050 0 4 _aHC125
_bR63 1983
100 1 _aRodríguez, Octavio
245 1 3 _aLa teoría del subdesarrollo de la CEPAL
_c / Octavio Rodríguez
250 _a3a ed.
260 _aMéxico :
_bSiglo Veintiuno Editores,
_c1983
300 _a361 p. ;
_b
_c22 cm.
490 0 _aEconomía y demografía
504 _aIncluye bibliografías
651 7 _aAmérica Latina
_xCondiciones económicas
_y1945-
651 4 _aAmérica Latina
_xPolítica económica
942 _2lcc
_cLIB
999 _c51127
_d51127